Nickelodeon Shows - Statistics

General Stats
  • This quiz has been taken 532 times
  • The average score is 6 of 8
Answer Stats
Charecters T.V. Show % Correct
Carly Shay, Sam Pucket, Freddie Benson, Spencer Shay ICarly
97%
Drake Parker, Josh Nickels, Megan Parker Drake and Josh
95%
Tori Vega, Andrea Harris, Jade West, Trina Vega, Cat Valentine Victorious
94%
Partick Star, Sandy Cheaks, Squidward Tentacles, Spongebob Squarepants Spongebob Squarepants
93%
Caterina Valentine, Samantha Pucket Sam and Cat
91%
Timmy Tuner, Wanda, Cosmo, Poof, Jorgan Vonstrangle Fairly Odd Parents
74%
Stephanie Tanner, Dj Tanner, Michelle Tanner, Danny Tanner, Jessie Consopilis, Rebecca Dolaldson, Joeseph Gladstone Full House
62%
Dudley Puppy, Kitty, Keswick, Cheif T.U.F.F. Puppy
37%
No matching quizzes found
Score Distribution
Percent of People with Each Score
Percentile by Number Answered
Your Score History
You have not taken this quiz